000 01288nmc a2200433 a 4500
003 AR-BaBNM
005 20251128205715.0
008 230120s1995 ||||||||||||||000 | spa||
020 _a987-99746-4-6
040 _cAR-BaBNM
245 1 0 _aHacia una nueva estrategia exportadora
_bla experiencia argentina, el marco regional y las reglas multilaterales
260 _aBuenos Aires
_bUniversidad Nacional de Quilmes
_c1995
300 _a423 p.
_btablas, gráfs.
490 0 _aPolítica, economía y sociedad
504 _aCada trabajo cuenta con bibliografía para consultar
650 4 _aPOLITICA ECONOMICA
650 4 _aDEMOCRACIA
650 4 _aCOMERCIO
650 4 _aANALISIS HISTORICO
650 4 _aFACTORES DE PRODUCCION
650 4 _aINDUSTRIA
650 4 _aCAMPO
650 4 _aHISTORIA ECONOMICA
650 4 _aCONDICIONES ECONOMICAS
650 4 _aCRISIS ECONOMICA
650 4 _aPROTECCIONISMO
650 4 _aHISTORIA POLITICA
650 4 _aINTEGRACION ECONOMICA
650 4 _aECONOMIA
650 4 _aSISTEMAS ECONOMICOS
651 4 _aEstados Unidos
651 4 _aArgentina
651 4 _aAmérica Latina
653 _aMERCOSUR
700 1 _aKosacoff, Bernardo
_eeditor
800 1 _aLópez, Ernesto
_edirector
942 _cBK
998 _cMariana
999 _c12486
_d12486